Subdivision capitals closest to Aarau (CH) - Statistics

General Stats
  • This quiz has been taken 24 times
  • The average score is 16 of 20
Answer Stats
Distance (km) Answer % Correct
2 38 Zürich
100%
13 67 Bern/Berne
94%
6 43 Solothurn
94%
3 39 Basel
88%
4 43 Luzern
88%
19 100 Sankt Gallen
88%
14 72 Altdorf
81%
20 103 Appenzell
81%
7 53 Delémont
81%
17 94 Fribourg/Freiburg
81%
15 87 Glarus/Glaris
81%
18 95 Neuchâtel
81%
5 43 Zug
81%
10 57 Sarnen
75%
11 62 Schwyz
75%
9 56 Schaffhausen
69%
12 67 Frauenfeld
63%
16 93 Herisau
63%
1 26 Liestal
63%
8 54 Stans
63%
No matching quizzes found
Score Distribution
Percent of People with Each Score
Percentile by Number Answered
Your Score History
You have not taken this quiz